000 00479nam a2200169 i 4500
001 41080
003 ES-MaACL
005 20230906160354.0
007 t|
008 030307s1968 sp ||||1| cat d
245 0 0 _aCarmina Burana /
_cversió de Joan Petit i proleg d'Antoni Comas.
260 _aBarcelona :
_bSinera,
_c[1968]
300 _a49 p. :
_bil. ;
_c20 cm.
700 1 _aComas, Antoni.
_939930
700 1 _aPetit, Juan.
_991508
852 _aES-MaACL
_jC-32884
_bR.65983
999 _c41080
_d41080